| 000 | 01003nam a2200277Ia 4500 | ||
|---|---|---|---|
| 003 | OSt | ||
| 005 | 20221005110513.0 | ||
| 006 | a|||||r|||| 00| 0 | ||
| 007 | ta | ||
| 008 | 221004b |||||||| |||| 00| 0 hin d | ||
| 020 |
_a9788121407502 (hbk) _cINR 300.00 |
||
| 024 | _a42113 | ||
| 037 |
_b306, 25/02/2019, Eastern Book Linkers _cTextual |
||
| 040 |
_aCRL _cCRL _bhin |
||
| 041 |
_2hin _ahin |
||
| 082 | _aO152:gP, Q3 | ||
| 100 | _aभरत प्रसाद, ले. | ||
| 245 | 0 | _aसृजन की 21वीं सदी | |
| 246 | _aSṛujan kī 21vīan sadī | ||
| 260 |
_aनई दिल्ली _bनेशनल पब्लिशिंग हाउस भारत _c2013 |
||
| 300 |
_a154पृ0 _ccm. |
||
| 650 | _a हिन्दी आलोचना | ||
| 650 | _aहिन्दी साहित्य | ||
| 942 |
_hO152:gP, Q3 _cTEXL _2cc |
||
| 999 |
_c1019024 _d1019024 |
||